000 00785nam a2200265 a 4500
001 24482
003 CO-ViMGA
008 141112s2004 ck r 000 u spa d
020 _a9788498957297
040 _aCO-ViMGA
_bspa
_cCO-ViMGA
041 _aSPA
090 _aP ROC4
100 1 _aRoca, Juan Manuel, 1946 -
_936371
245 1 0 _aBiblia de pobres /
_cJuan Manuel Roca
260 _aMadrid :
_bVisor,
_c200
300 _a84 p.
490 _aVisor de poesía
500 _aIX Premio Casa de América de Poesía Américana
650 1 4 _aAUTORES COLOMBIANOS
_932
650 1 4 _aLITERATURA COLOMBIANA - SIGLO XX
_92057
650 1 4 _aPOESIA COLOMBIANA - ANTOLOGIAS
_936372
650 1 4 _aPOESIA COLOMBIANA - SIGLO XX
_92302
650 1 4 _aPOETAS COLOMBIANOS
942 _2ddc
_cBK
999 _c2206
_d2206